<?xml version="1.0" encoding="UTF-8"?>
<record
    xmlns:xsi="http://www.w3.org/2001/XMLSchema-instance"
    xsi:schemaLocation="http://www.loc.gov/MARC21/slim http://www.loc.gov/standards/marcxml/schema/MARC21slim.xsd"
    xmlns="http://www.loc.gov/MARC21/slim">

  <leader>02998nam0a2200421   4500</leader>
  <controlfield tag="001">RU\NLR\BIBL_A\011589962</controlfield>
  <controlfield tag="005">20250626094531.0</controlfield>
  <datafield tag="020" ind1=" " ind2=" ">
    <subfield code="a">RU</subfield>
    <subfield code="b">10871</subfield>
    <subfield code="9">&#x421;&#x432;&#x43E;&#x434;&#x43D;&#x44B;&#x439; &#x43A;&#x430;&#x442;&#x430;&#x43B;&#x43E;&#x433; &#x43B;&#x438;&#x441;&#x442;&#x43E;&#x432;&#x43E;&#x43A; &#x43F;&#x435;&#x440;&#x432;&#x44B;&#x445; &#x43B;&#x435;&#x442; &#x421;&#x43E;&#x432;&#x435;&#x442;&#x441;&#x43A;&#x43E;&#x439; &#x432;&#x43B;&#x430;&#x441;&#x442;&#x438; (25 &#x43E;&#x43A;&#x442;&#x44F;&#x431;&#x440;&#x44F; (7 &#x43D;&#x43E;&#x44F;&#x431;&#x440;&#x44F;) 1917 - 1925) &#x422;.4 (&#x427;.3). &#x41B;&#x438;&#x441;&#x442;&#x43E;&#x432;&#x43A;&#x438; &#x441;&#x43E;&#x432;&#x435;&#x442;&#x441;&#x43A;&#x438;&#x445;, &#x43F;&#x430;&#x440;&#x442;&#x438;&#x439;&#x43D;&#x44B;&#x445;, &#x43F;&#x440;&#x43E;&#x444;&#x441;&#x43E;&#x44E;&#x437;&#x43D;&#x44B;&#x445;, &#x43A;&#x43E;&#x43C;&#x441;&#x43E;&#x43C;&#x43E;&#x43B;&#x44C;&#x441;&#x43A;&#x438;&#x445; &#x438; &#x434;&#x440;&#x443;&#x433;&#x438;&#x445; &#x43E;&#x440;&#x433;&#x430;&#x43D;&#x438;&#x437;&#x430;&#x446;&#x438;&#x439; &#x433;&#x443;&#x431;&#x435;&#x440;&#x43D;&#x438;&#x439; &#x420;&#x421;&#x424;&#x421;&#x420;</subfield>
  </datafield>
  <datafield tag="035" ind1=" " ind2=" ">
    <subfield code="a">(NLR Aleph) 011589962</subfield>
  </datafield>
  <datafield tag="090" ind1=" " ind2=" ">
    <subfield code="a">10832684</subfield>
    <subfield code="c">10832684</subfield>
  </datafield>
  <datafield tag="100" ind1=" " ind2=" ">
    <subfield code="a">20180111d1919    |||y0rusy50      ca</subfield>
  </datafield>
  <datafield tag="101" ind1="0" ind2=" ">
    <subfield code="a">rus</subfield>
  </datafield>
  <datafield tag="102" ind1=" " ind2=" ">
    <subfield code="a">RU</subfield>
  </datafield>
  <datafield tag="105" ind1=" " ind2=" ">
    <subfield code="a">y   z   000zy</subfield>
  </datafield>
  <datafield tag="135" ind1=" " ind2=" ">
    <subfield code="a">crcn 024apaba</subfield>
  </datafield>
  <datafield tag="200" ind1="1" ind2=" ">
    <subfield code="a">&#x41F;&#x440;&#x438;&#x43A;&#x430;&#x437; &#x2116; 6 &#x41C;&#x435;&#x43B;&#x435;&#x43A;&#x435;&#x441;&#x441;&#x43A;&#x43E;&#x433;&#x43E; &#x443;&#x435;&#x437;&#x434;&#x43D;&#x43E;&#x433;&#x43E; &#x43E;&#x442;&#x434;&#x435;&#x43B;&#x430; &#x443;&#x43F;&#x440;&#x430;&#x432;&#x43B;&#x435;&#x43D;&#x438;&#x44F;, 17-&#x433;&#x43E; &#x44F;&#x43D;&#x432;. 1919 &#x433;.: [&#x41E; &#x43F;&#x440;&#x430;&#x432;&#x438;&#x43B;&#x430;&#x445; &#x43F;&#x43E;&#x432;&#x435;&#x434;&#x435;&#x43D;&#x438;&#x44F; &#x432; &#x43E;&#x431;&#x449;&#x435;&#x441;&#x442;&#x432;&#x435;&#x43D;&#x43D;&#x44B;&#x445; &#x43C;&#x435;&#x441;&#x442;&#x430;&#x445;</subfield>
    <subfield code="e">&#x43B;&#x438;&#x441;&#x442;&#x43E;&#x432;&#x43A;&#x430;</subfield>
    <subfield code="f">&#x41C;&#x435;&#x43B;&#x435;&#x43A;&#x435;&#x441;&#x441;&#x43A;&#x438;&#x439; &#x443;&#x435;&#x437;&#x434;. &#x421;&#x43E;&#x432;&#x435;&#x442; &#x440;. &#x43A;. &#x438; &#x43A;. &#x434;.]</subfield>
  </datafield>
  <datafield tag="210" ind1=" " ind2=" ">
    <subfield code="a">[&#x41C;&#x435;&#x43B;&#x435;&#x43A;&#x435;&#x441;&#x441;</subfield>
    <subfield code="c">&#x431;. &#x438;.</subfield>
    <subfield code="d">1919, &#x44F;&#x43D;&#x432;.]</subfield>
  </datafield>
  <datafield tag="215" ind1=" " ind2=" ">
    <subfield code="a">1 &#x441;.</subfield>
    <subfield code="d">27&#x445;18</subfield>
  </datafield>
  <datafield tag="300" ind1=" " ind2=" ">
    <subfield code="a">&#x41F;&#x43E;&#x434;&#x43F;&#x438;&#x441;&#x438;: &#x43F;&#x440;&#x435;&#x434;&#x441;&#x435;&#x434;&#x430;&#x442;&#x435;&#x43B;&#x44C; &#x443;&#x435;&#x437;&#x434;&#x43D;&#x43E;&#x433;&#x43E; &#x438;&#x441;&#x43F;&#x43E;&#x43B;&#x43D;&#x438;&#x442;&#x435;&#x43B;&#x44C;&#x43D;&#x43E;&#x433;&#x43E; &#x43A;&#x43E;&#x43C;&#x438;&#x442;&#x435;&#x442;&#x430; &#x42F;. &#x41F;&#x438;&#x441;&#x43A;&#x430;&#x43B;&#x43E;&#x432;; &#x437;&#x430;&#x432;&#x435;&#x434;&#x443;&#x44E;&#x449;&#x438;&#x439; &#x41E;&#x442;&#x434;&#x435;&#x43B;. &#x443;&#x43F;&#x440;&#x430;&#x432;&#x43B;. &#x41C;&#x435;&#x43B;&#x435;&#x43A;&#x435;&#x441;&#x441;&#x43A;&#x43E;&#x433;&#x43E; &#x443;. &#x41B;&#x430;&#x43C;&#x43F;&#x435;&#x435;&#x432;; &#x437;&#x430;&#x43C;&#x435;&#x441;&#x442;&#x438;&#x442;&#x435;&#x43B;&#x44C; &#x437;&#x430;&#x432;. &#x41E;&#x442;&#x434;. &#x443;&#x43F;&#x440;&#x430;&#x432;&#x43B;. &#x41C;&#x435;&#x43B;&#x435;&#x43A;&#x435;&#x441;. &#x443;. &#x418;. &#x41A;&#x43E;&#x448;&#x435;&#x447;&#x43A;&#x438;&#x43D; &#x438; &#x434;&#x440;.</subfield>
  </datafield>
  <datafield tag="325" ind1="1" ind2=" ">
    <subfield code="a">&#x41A;&#x43E;&#x43F;&#x438;&#x44F; &#x434;&#x43E;&#x441;&#x442;&#x443;&#x43F;&#x43D;&#x430; &#x432; &#x42D;&#x43B;&#x435;&#x43A;&#x442;&#x440;&#x43E;&#x43D;&#x43D;&#x43E;&#x439; &#x431;&#x438;&#x431;&#x43B;&#x438;&#x43E;&#x442;&#x435;&#x43A;&#x435; &#x420;&#x41D;&#x411;</subfield>
  </datafield>
  <datafield tag="517" ind1="1" ind2=" ">
    <subfield code="a">&#x41E; &#x43F;&#x440;&#x430;&#x432;&#x438;&#x43B;&#x430;&#x445; &#x43F;&#x43E;&#x432;&#x435;&#x434;&#x435;&#x43D;&#x438;&#x44F; &#x432; &#x43E;&#x431;&#x449;&#x435;&#x441;&#x442;&#x432;&#x435;&#x43D;&#x43D;&#x44B;&#x445; &#x43C;&#x435;&#x441;&#x442;&#x430;&#x445;</subfield>
  </datafield>
  <datafield tag="607" ind1=" " ind2=" ">
    <subfield code="a">&#x420;&#x421;&#x424;&#x421;&#x420;</subfield>
    <subfield code="j">&#x41B;&#x438;&#x441;&#x442;&#x43E;&#x432;&#x43A;&#x438;</subfield>
    <subfield code="x">&#x41F;&#x43E;&#x43B;&#x438;&#x442;&#x438;&#x43A;&#x430; &#x438; &#x443;&#x43F;&#x440;&#x430;&#x432;&#x43B;&#x435;&#x43D;&#x438;&#x435;</subfield>
    <subfield code="y">1917 - 1925</subfield>
    <subfield code="9">2312782</subfield>
    <subfield code="3">RU\NLR\auth\6601609564</subfield>
  </datafield>
  <datafield tag="686" ind1="0" ind2=" ">
    <subfield code="a">&#x422;3(2)71-313,011</subfield>
  </datafield>
  <datafield tag="686" ind1="1" ind2=" ">
    <subfield code="a">&#x422;3(2&#x420;-4&#x423;&#x43B;)712-3,011</subfield>
  </datafield>
  <datafield tag="702" ind1=" " ind2="1">
    <subfield code="4">720</subfield>
    <subfield code="4">720</subfield>
    <subfield code="a">&#x41F;&#x438;&#x441;&#x43A;&#x430;&#x43B;&#x43E;&#x432;</subfield>
    <subfield code="b">&#x42F;. &#x415;.</subfield>
    <subfield code="c">&#x43F;&#x430;&#x440;&#x442;. &#x434;&#x435;&#x44F;&#x442;&#x435;&#x43B;&#x44C;</subfield>
    <subfield code="f">1888-1953</subfield>
    <subfield code="g">&#x42F;&#x43A;&#x43E;&#x432; &#x415;&#x433;&#x43E;&#x440;&#x43E;&#x432;&#x438;&#x447;</subfield>
    <subfield code="9">191226</subfield>
    <subfield code="3">RU\NLR\AUTH\770191277</subfield>
  </datafield>
  <datafield tag="702" ind1=" " ind2="1">
    <subfield code="4">720</subfield>
    <subfield code="a">&#x41B;&#x430;&#x43C;&#x43F;&#x435;&#x435;&#x432;</subfield>
    <subfield code="b">&#x415;. &#x415;.</subfield>
    <subfield code="c">&#x434;&#x435;&#x44F;&#x442;&#x435;&#x43B;&#x44C; &#x43C;&#x435;&#x441;&#x442;&#x43D;&#x43E;&#x433;&#x43E; &#x443;&#x43F;&#x440;&#x430;&#x432;&#x43B;&#x435;&#x43D;&#x438;&#x44F;</subfield>
    <subfield code="9">189887</subfield>
    <subfield code="3">RU\NLR\AUTH\770189938</subfield>
  </datafield>
  <datafield tag="702" ind1=" " ind2="1">
    <subfield code="4">720</subfield>
    <subfield code="7">ca</subfield>
    <subfield code="8">rus</subfield>
    <subfield code="a">&#x41A;&#x43E;&#x448;&#x435;&#x447;&#x43A;&#x438;&#x43D;</subfield>
    <subfield code="b">&#x418;.</subfield>
    <subfield code="c">&#x443;&#x447;&#x430;&#x441;&#x442;&#x43D;&#x438;&#x43A; &#x443;&#x441;&#x442;&#x430;&#x43D;&#x43E;&#x432;&#x43B;&#x435;&#x43D;&#x438;&#x44F; &#x441;&#x43E;&#x432;&#x435;&#x442;&#x441;&#x43A;&#x43E;&#x439; &#x432;&#x43B;&#x430;&#x441;&#x442;&#x438;, &#x41C;&#x435;&#x43B;&#x435;&#x43A;&#x435;&#x441;&#x441;</subfield>
    <subfield code="9">189691</subfield>
    <subfield code="3">RU\NLR\AUTH\770189742</subfield>
  </datafield>
  <datafield tag="710" ind1="0" ind2="2">
    <subfield code="a">&#x41C;&#x435;&#x43B;&#x435;&#x43A;&#x435;&#x441;&#x441;&#x43A;&#x438;&#x439; &#x443;&#x435;&#x437;&#x434;&#x43D;&#x44B;&#x439; &#x43E;&#x442;&#x434;&#x435;&#x43B; &#x443;&#x43F;&#x440;&#x430;&#x432;&#x43B;&#x435;&#x43D;&#x438;&#x44F;</subfield>
    <subfield code="9">587022</subfield>
    <subfield code="3">RU\NLR\AUTH\880462199</subfield>
  </datafield>
  <datafield tag="711" ind1="0" ind2="2">
    <subfield code="4">570</subfield>
    <subfield code="a">&#x41C;&#x435;&#x43B;&#x435;&#x43A;&#x435;&#x441;&#x441;&#x43A;&#x438;&#x439; &#x443;&#x435;&#x437;&#x434;&#x43D;&#x44B;&#x439; &#x421;&#x43E;&#x432;&#x435;&#x442; &#x440;&#x430;&#x431;&#x43E;&#x447;&#x438;&#x445;, &#x43A;&#x440;&#x435;&#x441;&#x442;&#x44C;&#x44F;&#x43D;&#x441;&#x43A;&#x438;&#x445; &#x438; &#x43A;&#x440;&#x430;&#x441;&#x43D;&#x43E;&#x430;&#x440;&#x43C;&#x435;&#x439;&#x441;&#x43A;&#x438;&#x445; &#x434;&#x435;&#x43F;&#x443;&#x442;&#x430;&#x442;&#x43E;&#x432;</subfield>
    <subfield code="b">&#x418;&#x441;&#x43F;&#x43E;&#x43B;&#x43D;&#x438;&#x442;&#x435;&#x43B;&#x44C;&#x43D;&#x44B;&#x439; &#x43A;&#x43E;&#x43C;&#x438;&#x442;&#x435;&#x442;</subfield>
    <subfield code="9">587024</subfield>
    <subfield code="3">RU\NLR\AUTH\880462200</subfield>
  </datafield>
  <datafield tag="852" ind1="0" ind2="0">
    <subfield code="a">NLR</subfield>
    <subfield code="b">&#x424;&#x41B;</subfield>
    <subfield code="j">50/236</subfield>
  </datafield>
  <datafield tag="942" ind1=" " ind2=" ">
    <subfield code="c">BOOK</subfield>
  </datafield>
  <datafield tag="980" ind1=" " ind2=" ">
    <subfield code="a">NB</subfield>
  </datafield>
  <datafield tag="981" ind1="2" ind2="1">
    <subfield code="a">(21) &#x41B;&#x438;&#x441;&#x442;&#x43E;&#x432;&#x43A;&#x438;</subfield>
    <subfield code="b">(21) &#x41B;&#x438;&#x441;&#x442;&#x43E;&#x432;&#x43A;&#x438; 1919 &#x433;&#x43E;&#x434;&#x430;</subfield>
  </datafield>
</record>
